Historiadores latinos: Tito Livio, Julio César, Tácito, Salustio
Gespeichert in:
| Format: | Buch |
|---|---|
| Sprache: | Spanisch |
| Veröffentlicht: |
Madrid
EDAF
1970
|
| Schlagworte: | |
| Tags: |
Tag hinzufügen
Keine Tags, Fügen Sie den ersten Tag hinzu!
|
MARC
| LEADER | 00000nam a2200000 a 4500 | ||
|---|---|---|---|
| 001 | UCP8976 | ||
| 003 | CL-VaPUC | ||
| 005 | 20241014131056.0 | ||
| 008 | 000317e19700000SP |||||||||||||||||spa|d | ||
| 999 | |c 285830 |d 285828 | ||
| 040 | |c Pontificia Universidad Católica de Valparaíso | ||
| 082 | 0 | 4 | |a 937 |b HIS |2 21 |
| 245 | 1 | 0 | |a Historiadores latinos: Tito Livio, Julio César, Tácito, Salustio |
| 260 | |a Madrid |b EDAF |c 1970 | ||
| 300 | |a 1417 p | ||
| 583 | |a last modification |c 20000317 00:00:00 |k Rodrigo Vera | ||
| 600 | 0 | 7 | |a TITO LIVIO |2 CL-VaPUC |9 402587 |
| 600 | 0 | 7 | |a Julio César |d 100 A.C.-44 A.C. |9 858621 |
| 600 | 0 | |a Tácito, Cornelio |9 438184 | |
| 600 | 0 | |a Salustio, Cayo Crispo |9 439244 | |
| 650 | 0 | |a Historiadores |9 314498 | |
| 650 | 0 | |a Historia de Roma |9 315349 | |
| 650 | 0 | |a Imperio Romano |9 322785 | |
| 650 | 0 | |a Historia antigua |9 267521 | |
| 650 | 0 | |a Civilizaciones antiguas |9 265998 | |
| 651 | 0 | |a Roma |9 255106 | |
| 852 | |a BIBCUR | ||
| 942 | |c BK |2 ddc | ||
| 945 | |d 20000317 00:00:00 |a crobeson | ||
| 952 | |0 0 |1 0 |4 0 |6 937_000000000000000_HIS_1970 |7 0 |8 X |9 330627 |a BIBHIS |b BIBHIS |d 2019-11-20 |i 139648K |o 937 HIS 1970 |p 139648K |r 2024-01-30 |w 2019-11-20 |y BK_X |k HIS | ||